00572nam a2200193Ia 450000500170000000800410001702000230005804000190008104100120010008200160011210000230012824500610015126000410021230000130025350400510026665000140031765100370033185000100036820240430125453.0131103s9999 xx 000 0 und d a8173915385c900.00 aLoreto College aEnglish a371.42bSHR aShrivastava, K. K. aPrinciples of Guidance and CounsellingcK.K. Shrivastava aNew DelhibKanishka Publishersc2007 axx,428p  aInclludes bibliographical references and index aEducation aStudent Guidance and Counselling aLCBED